| 000 | 01153cam a22003497a 4500 | ||
|---|---|---|---|
| 003 | CHAP | ||
| 005 | 20220329141759.0 | ||
| 008 | 971013s1987 r 00010 d | ||
| 010 | _a73711 | ||
| 011 | _a74683 | ||
| 035 | _a84242 | ||
| 040 | _cCHAP | ||
| 090 | _aTesis | ||
| 100 | 0 | 0 |
_aCarcaño Sanluis, Rufino Justo. _918863 |
| 245 | 0 |
_aAnálisis retrospectivo de la producción de maíz en México _b: 1950-1983 |
|
| 260 |
_aChapingo, Méx. : _bEl autor, _c1987 |
||
| 300 | _a61 p. | ||
| 502 | _aTesis (Ing. Agr. Esp. en Fitotecnia) -- UACH. Departamento de Fitotecnia | ||
| 590 |
_aALEPH _b10 _c20130110 _lUCH01 _h1417 |
||
| 590 |
_aBATCH-UPD _b10 _c20130110 _lUCH01 _h1721 |
||
| 590 |
_aBATCH-UPD _b10 _c20130410 _lUCH01 _h1105 |
||
| 590 |
_aBATCH-UPD _b10 _c20130914 _lUCH01 _h1755 |
||
| 590 |
_aCONVERSION _b10 _c20130109 _lUCH01 _h1340 |
||
| 650 | 1 | 4 |
_aMaíz _xEstadísticas. _970949 |
| 650 | 1 | 4 |
_aMaíz _xHistoria. _970972 |
| 650 | 1 | 4 |
_aMaíz _xRendimiento. _971051 |
| 650 | 1 | 4 |
_aMaíz _zMéxico. _971098 |
| 901 | _aBK | ||
| 942 | _cFOLL | ||
| 949 |
_bBC _cTES _d-39461 _eTS1 _h19454 _i84242 _si |
||
| 949 |
_bBC _cTES _d-39462 _eTS2 _fc.2 _h19455 _i84242 _si |
||
| 999 |
_c73711 _d73711 |
||